Environmental Impact Assessment (Record no. 8559)
[ view plain ]
| 000 -LEADER | |
|---|---|
| fixed length control field | 00220nam a22001097a 4500 |
| 040 ## - CATALOGING SOURCE | |
| Transcribing agency | SP |
| 082 ## - DEWEY DECIMAL CLASSIFICATION NUMBER | |
| Classification number | 333 |
| 100 ## - MAIN ENTRY--AUTHOR NAME | |
| Personal name | CHAY KONGKRUY |
| 245 ## - TITLE STATEMENT | |
| Title | Environmental Impact Assessment |
| 260 ## - PUBLICATION, DISTRIBUTION, ETC. (IMPRINT) | |
| Place of publication | RUA |
| Name of publisher | CHA |
| Year of publication | 2012 |
| 942 ## - ADDED ENTRY ELEMENTS (KOHA) | |
| Koha item type | សៀវភៅភាសាអង់គ្លេស |
| 952 ## - LOCATION AND ITEM INFORMATION (KOHA) | |
| Withdrawn status [LOCAL, KOHA] | 0 |
| 952 ## - LOCATION AND ITEM INFORMATION (KOHA) | |
| Withdrawn status [LOCAL, KOHA] | 0 |
| 952 ## - LOCATION AND ITEM INFORMATION (KOHA) | |
| Withdrawn status [LOCAL, KOHA] | 0 |
| Permanent Location | Date acquired | Koha item type | Lost status | Shelving location | Barcode | Current Location | Full call number |
|---|---|---|---|---|---|---|---|
| Library Block C | 2016-08-05 | សៀវភៅភាសាអង់គ្លេស | C066 | RUA045677 | Library Block C | 333 CHA 2012 C066 | |
| Library Block C | 2016-08-08 | សៀវភៅភាសាអង់គ្លេស | C199 | RUA061628 | Library Block C | 333 CHA 2012 C199 | |
| Library Block C | 2016-09-07 | សៀវភៅភាសាអង់គ្លេស | C069 | RUA045964 | Library Block C | 333 CHA 2012 C069 |